| 000 | 00704nam a2200229Ia 4500 | ||
|---|---|---|---|
| 999 |
_c45170 _d45170 |
||
| 001 | 11993 | ||
| 003 | GE_BSU | ||
| 005 | 20221121143634.0 | ||
| 008 | 181216s2003en xx |||||||||||||| ||eng|| | ||
| 020 | _a97800007136902x | ||
| 040 | _cGE_BSU | ||
| 041 | _aeng | ||
| 080 | _a821.111-311.6 I-50 | ||
| 100 |
_aIggulden,Conn _915966 |
||
| 245 |
_aEmperor the gates of Rome / _cConn Iggulden |
||
| 264 |
_aLondon: _bHarper Collins publishers, _c2003. |
||
| 300 |
_a624 p; _b18 cm. |
||
| 653 | _aEmperor the gates of Rome | ||
| 653 | _aიმპერატორი რომის კარიბჭეზე | ||
| 653 | _aმხატვრული ლიტერატურა | ||
| 942 |
_cBK _2udc |
||